000 00358nam a2200157Ia 4500
003 0STCL
008 150530s9999 xx 000 0 und d
040 _aSTCL
_cSTCL
100 _aStewart Wallace, R.; Satterly John
245 _aText book of heat
260 _c1942
546 _aEnglish
942 _2ddc
_cBK
999 _c29662
_d29662
005 20220125170153.0